00342 a2200109 4500001001000000005001700010008004100027245003700068100002500105773008500130999001700215ART_1429520260410161915.0260409a 10aEl ciclo del tanino en Argentina1 aRomero, Luis Alberto0 tRevista Paraguaya de Sociologíag- Año 14, Nº 38 (ene./abr. 1977)wREV13424 c27170d27170